01339nam a2200253 a 4500008004100000020001800041050001500059100002200074245012900096250001600225260003500241300003300276350001100309650002800320650004300348650002800391650003000419700001900449995015900468995017600627999001700803952013100820952013400951201116s2014 ||||||||||||||||| || u a9780323087070 aSF 991 Dia aValenciano, Amy C10aCowell and Tyler's diagnostic cytology and hematology of the dog and cat (4th edition)cBy Amy C. Valenciano; Rick L. Cowell a4th edition aSt LouisbElsevier Mosbyc2014 axx, 582 pages: illustrations a152.06 aCAT DISEASES--PATHOLOGY aBLOOD SPECIMEN--COLLECTION--VETERINARY aDOG DISEASES--PATHOLOGY aCYTODIAGNOSIS--VETERINARY aCowell, Rick L aMAIN LIBRARY OPEN ACCESSe750571FCBU-MAIN LIBRARY (Kitwe)I152.06jSF 991 DiaM2UAVAILABLEWDec 10, 2020y750571ZMedical Library Open Access Collection aMEDICAL LIBRARY OPEN ACCESSe905180FCBU-SCHOOL OF MEDICINE LIBRARY (Ndola)I152.06jSF 991 DiaM1UAVAILABLEWNov 17, 2020y905180ZMedical Library Open Access Collection c62594d62594 00102lcc4070a001b001cMain Library Open Access Collectiond2022-12-13l0oSF 991 Diap750571r2022-12-13w2022-12-13y002 00102lcc4070a001b001cMedical Library Open Access Collectiond2022-12-13l0oSF 991 Diap905180r2022-12-13w2022-12-13y002